| 000 | 00737nas a2200241 4500 | ||
|---|---|---|---|
| 001 | BR8904075 | ||
| 003 | BR-BrBNA | ||
| 005 | 20231205091648.0 | ||
| 007 | ta | ||
| 008 | 230509b bl.|||p| |||| 00| 00por d | ||
| 040 |
_aBR-BrBNA _bpor _cBiblioteca Nacional de Agricultura |
||
| 041 | _a(Pt) | ||
| 072 | _aL02 | ||
| 100 | 1 | _aNunes, J.R.V. | |
| 245 | 1 | _aUso da levedura de cana (Saccharomyces cerevisae)na alimentacao inicial de leitoes | |
| 650 | _aCANA DE ACUCAR | ||
| 650 | _aFERMENTO | ||
| 650 | _aLEITAO | ||
| 650 | _aNUTRICAO ANIMAL | ||
| 773 | 0 |
_tCiencia e Tecnologia de Alimentos (Brazil) _xISSN 0101-2061 _g(Jan-Jun 1989), v. 9(1) p. 45-52 _wBR8904075 |
|
| 909 |
_a202311 _bLúcia _c55 _dLúcia Elande |
||
| 942 |
_2AGRIS _n0 _cANA |
||
| 999 |
_c126529 _d126529 |
||